| 000 -ლიდერი |
| ფიქსირებული სიგრძის საკონტროლო ველი |
01404nam a22002297a 4500 |
| 003 - საკონტროლო ნომრის იდენტიფიკატორი |
| საკონტროლო ველი |
Ge_BSU |
| 005 - ბოლო ოპერაციის თარიღი და დრო |
| საკონტროლო ველი |
20220623110703.0 |
| 008 - ფიქსირებული სიგრძის მონაცემთა ელემენტები - ზოგადი ინფორმაცია |
| ფიქსირებული სიგრძის საკონტროლო ველი |
220623s2020 ge ||||| |||| 00| 0 geo d |
| 020 ## - წიგნის საერთაშორისო სტანდარტული ნომერი |
| International Standard Book Number |
9789941305832 |
| 041 ## - ენის კოდი |
| Language code of text/sound track or separate title |
geo |
| 080 ## - უნივერსალური ათობითი კლასიფიკაციის ინდექსი |
| Universal Decimal Classification number |
008(38)+ 930.85 გ-70 |
| 100 ## - მთავარი ჩანაწერი - პიროვნების სახელი |
| Personal name |
გორდეზიანი, რისმაგ |
| 9 (RLIN) |
3462 |
| 245 ## - ცნობა სათაურის შესახებ |
| Title |
ბერძნული ცივილიზაცია : |
| Remainder of title |
ტომი 3, ელინისტური ეპოქიდან გვიანანტიკურობამდე / |
| Statement of responsibility, etc |
რისმაგ გორდეზიანი ; რედაქტორი მარიამ გოჩიტაშვილი ; ყდისა და შიგთავსის დიზაინერი ია გაბუნია. |
| 264 ## - წარმოების, გამოცემის, დისტრიბუციის და სხვა ცნობები |
| გამოცემის, წარმოების, დისტრიბუციის... ადგილი |
თბილისი : |
| გამოცემის, წარმოების, დისტრიბუციის... სახელწოდება |
ბაკურ სულაკაურის გამომცემლობა, |
| გამოცემის, წარმოების, დისტრიბუციის... თარიღი |
2020. |
| 300 ## - ფიზიკური აღწერა |
| Extent |
296 გვ. : |
| Other physical details |
ილ. ; |
| Dimensions |
23 სმ. |
| 500 ## - ზოგადი შენიშვნა |
| General note |
ილუსტრაციები: გვ. 233-295. |
| 504 ## - BIBLIOGRAPHY, ETC. NOTE |
| Bibliography, etc |
ბიბლიოგრაფია: გვ. 230-231. |
| 653 ## - INDEX TERM--UNCONTROLLED |
| Uncontrolled term |
ბერძნული ცივილიზაცია. |
| 700 ## - ADDED ENTRY--PERSONAL NAME |
| Personal name |
გოჩიტაშვილი, მარიამ |
| Relator term |
რედაქტორი |
| 9 (RLIN) |
14199 |
| 700 ## - ADDED ENTRY--PERSONAL NAME |
| Personal name |
გაბუნია, ია |
| Relator term |
ყდის დიზაინერი |
| 9 (RLIN) |
14200 |
| 942 ## - ADDED ENTRY ELEMENTS (KOHA) |
| Source of classification or shelving scheme |
|
| Koha item type |
წიგნი |